Loading...
| History - European History | 0 | 5 | 1 | 2 | 45 | 52 | 90.40 | 2 | 4 |
| History - World History | 0 | 5 | 1 | 0 | 45 | 50 | 73.00 | 1 | 3 |
| History - American History | 0 | 4 | 2 | 1 | 30 | 53 | 77.25 | 0 | 3 |
| Geography/Current Events | 0 | 2 | 0 | 1 | 20 | 99 | 112.50 | 1 | 2 |
| History - Other History | 0 | 2 | 1 | 0 | 15 | 80 | 93.50 | 0 | 1 |
| Pop Culture | 0 | 1 | 0 | 0 | 10 | 83 | 83.00 | 0 | 1 |
| Literature - European Literature | 0 | 1 | 0 | 0 | 10 | 120 | 120.00 | 0 | 0 |
| Other Academic | 0 | 1 | 0 | 0 | 10 | 85 | 85.00 | 0 | 0 |
| Philosophy | 0 | 1 | 0 | 1 | 10 | 122 | 122.00 | 0 | 0 |
| Literature - World/Other Literature | 0 | 0 | 1 | 0 | -5 | 0.00 | 0 | 0 | |
| Literature - British Literature | 0 | 0 | 1 | 0 | -5 | 0.00 | 0 | 0 |